Európa ako spoločenstvo kultúr - nové výzvy a nové perspektívy

Podrobná bibliografia
Hlavný autor: Figeľ, Ján, 1960- (Autor)
Médium: Článok
Jazyk:slovenčina
ISSN:1335-2296
Predmet:

MARC

LEADER 00000nab a2200000 a 4500
001 vtls009451664
003 SK-MaSNL
005 20260305004554.0
008 250507c2008 xo zr|p|||||||000 b|slo
015 |a SNBRB2008/12  |2 snkbucl 
035 |a (uuid)2e489f04-b3fa-494f-84ad-4269253ba19f 
035 |a urn:nbn:sk:snk-aba0b2 
035 |a (urnnbn)urn:nbn:sk:snk:ar-a097g6 
040 |a SNKBUCL  |b slo  |c SNKBUCL  |e AACR2 
041 0 |a slo 
044 |a xo  |c SK 
080 |a 008  |x (4-191.2)  |2 2001 
080 |a [339.923+327]  |x (4)  |2 2001 
100 1 |a Figeľ, Ján,  |d 1960-  |4 aut  |9 105604 
245 1 0 |a Európa ako spoločenstvo kultúr - nové výzvy a nové perspektívy  |c Ján Figeľ 
650 0 7 |a európska integrácia  |2 snkbucl  |9 2140 
650 0 7 |a kultúra  |2 snkbucl  |9 886 
650 0 7 |a bilancie a výzvy  |2 snkbucl  |9 1582488 
651 7 |a Európa stredná  |2 snkbucl  |9 23970 
655 7 |a analýzy  |2 snkbucl  |9 22242 
773 0 |t OS  |g Roč. 11[12], č. 2 (2008), s. 110-119  |x 1335-2296 
850 |a Slovenská národná knižnica 
852 |a Slovenská národná knižnica 
954 |a odborná, vedecká literatúra pôvodná (slovenská)  |2 lita 
958 |a article13 
958 |a OND 
958 |a EUIPO 
999 |c 3236242  |d 3238172